00306nam a2200121Ia 4500003000400000005001700004008004100021020001800062040002100080100001900101245003900120260002500159OSt20240109125226.0170524s9999 xx 000 0 und d a9788183563468 cIIMT UNIVERSITY  aPANDEY- ANUPAM 0aPATRKARITA KI ADHUNIK PRAVERTIYA bNEW DELHI: DISCOVERY